| 000 | 00365nam a2200157Ia 4500 | ||
|---|---|---|---|
| 008 | 210210b1938 xxu||||| |||| 00| 0 eng d | ||
| 041 | _aeng | ||
| 082 | _a822/1063 | ||
| 100 | _aRUTTLEDGE (Hugh) | ||
| 245 | _aEverest 1933 | ||
| 260 |
_aLondon _bHodder and Stoughton _c1938 |
||
| 650 | _aEverest | ||
| 650 | _a1933 | ||
| 690 | _aEnglish Prose | ||
| 906 | _a013246 | ||
| 999 |
_c132104 _d132104 |
||